[Event "Olympiad-43"]
[Site "Batumi"]
[Date "2018.09.25"]
[Round "2.2"]
[White "So, Wesley"]
[Black "Oboladze, Luka"]
[Result "1-0"]
[WhiteElo "2776"]
[BlackElo "2340"]
[PlyCount "103"]
[EventDate "2018.09.24"]
[EventType "team-swiss"]
[EventRounds "11"]
[EventCountry "GEO"]
[SourceTitle "CBM 187"]
[Source "ChessBase"]
[SourceDate "2018.12.11"]
[SourceVersion "1"]
[SourceVersionDate "2018.12.11"]
[SourceQuality "1"]
[WhiteTeam "United States"]
[BlackTeam "Georgia III"]
[WhiteTeamCountry "USA"]
[BlackTeamCountry "GEO"]

1. e4 c5 2. Nf3 e6 3. d4 cxd4 4. Nxd4 a6 5. g3 Nc6 6. Bg2 Qc7 7. Nc3 Nf6 8. 0-0 d6 9. Re1 Bd7 10. Nxc6 bxc6 11. Na4 Be7 12. c4 0-0 13. c5 dxc5 14. Be3 c4 15. Nb6 Rab8 16. Nxc4 e5 17. h3 Be6 18. Qc2 Nd7 19. Red1 Rfd8 20. Bf1 Nf6 21. Rxd8+ Bxd8 22. Bc5 Ne8 23. Rd1 a5 24. b3 Bf6 25. h4 h6 26. Qc3 Rb5 27. Ne3 Rb8 28. Ba3 a4 29. bxa4 Ra8 30. Bc4 Rxa4 31. Bxe6 fxe6 32. Qb3 Ra8 33. Qxe6+ Qf7 34. Qxf7+ Kxf7 35. Nc4 Ra4 36. Rc1 Ke6 37. Rc2 Bd8 38. Bf8 Kf7 39. Bc5 Bc7 40. f3 Ke6 41. Kf1 Nf6 42. Ne3 h5 43. Bb6 Bxb6 44. Rxc6+ Kf7 45. Rxb6 Rxa2 46. Rb7+ Kf8 47. Nc4 Ra1+ 48. Kg2 Ra2+ 49. Kh3 Rf2 50. Nxe5 Kg8 51. Rb3 Re2 52. Ng6 1-0

[Event "EU-ch U16 28th"]
[Site "Riga"]
[Date "2018.08.26"]
[Round "6"]
[White "Oboladze, Luka"]
[Black "Zarubitski, Viachaslau"]
[Result "0-1"]
[WhiteElo "2349"]
[BlackElo "2416"]
[PlyCount "171"]
[EventDate "2018.08.20"]
[EventType "swiss"]
[EventRounds "9"]
[EventCountry "LAT"]
[SourceTitle "CBM 186 Extra"]
[Source "ChessBase"]
[SourceDate "2018.08.24"]
[SourceVersion "1"]
[SourceVersionDate "2018.08.24"]
[SourceQuality "1"]

1. c4 Nf6 2. Nf3 e6 3. Nc3 d5 4. d4 c6 5. cxd5 exd5 6. Bg5 Be7 7. Qc2 g6 8. e3 Bf5 9. Bd3 Bxd3 10. Qxd3 0-0 11. 0-0 Nbd7 12. h3 Re8 13. Bxf6 Bxf6 14. Nd2 a5 15. b3 Bg7 16. Rad1 Qe7 17. Rfe1 Qb4 18. Na4 Rad8 19. Qc2 Re7 20. Nb2 Rde8 21. Nd3 Qb6 22. Nf3 Nf6 23. a3 Ne4 24. b4 Ra8 25. Ra1 Ree8 26. Reb1 axb4 27. axb4 Bf8 28. Nd2 Nxd2 29. Qxd2 Qb5 30. Nc5 Kg7 31. Qc3 Bd6 32. g3 h5 33. Qd3 Rxa1 34. Rxa1 Qxb4 35. Rb1 Qc4 36. Rxb7 Bxc5 37. Qxc4 dxc4 38. dxc5 Re5 39. Rb2 Rxc5 40. e4 Kf6 41. f4 c3 42. Rc2 Rc4 43. Kf2 Rxe4 44. Rxc3 Re6 45. Kf3 Ke7 46. g4 hxg4+ 47. hxg4 Kd6 48. f5 gxf5 49. gxf5 Re7 50. Rd3+ Kc5 51. Kf4 Kb4 52. f6 Rc7 53. Re3 Kc5 54. Ke5 Rd7 55. Rb3 Rd5+ 56. Kf4 Kd6 57. Re3 Kc7 58. Ra3 Rd7 59. Rc3 Rd4+ 60. Kg5 Kd6 61. Re3 Rd5+ 62. Kf4 Kc7 63. Ra3 Rd7 64. Rc3 Kd6 65. Kf5 c5 66. Rc1 Kd5 67. Rd1+ Kc6 68. Rc1 Rd5+ 69. Ke4 Kd6 70. Ra1 Ke6 71. Ra7 Rd4+ 72. Ke3 Kxf6 73. Rc7 Rd5 74. Ke4 Re5+ 75. Kf4 Rf5+ 76. Ke4 Kg6 77. Rc8 Rh5 78. Kf4 f6 79. Kg4 Re5 80. Kf4 Kf7 81. Rc6 Ke7 82. Ra6 Re6 83. Ra7+ Kd6 84. Kf5 Kd5 85. Rc7 Rd6 86. Kf4 0-1

[Event "EU-ch U16 28th"]
[Site "Riga"]
[Date "2018.08.22"]
[Round "3"]
[White "Kuznecovs, Nikita"]
[Black "Oboladze, Luka"]
[Result "0-1"]
[WhiteElo "2280"]
[BlackElo "2349"]
[PlyCount "66"]
[EventDate "2018.08.20"]
[EventType "swiss"]
[EventRounds "9"]
[EventCountry "LAT"]
[SourceTitle "CBM 186 Extra"]
[Source "ChessBase"]
[SourceDate "2018.08.24"]
[SourceVersion "1"]
[SourceVersionDate "2018.08.24"]
[SourceQuality "1"]

1. g3 c5 2. Bg2 Nc6 3. e4 g6 4. f4 Bg7 5. d3 e6 6. Nf3 Nge7 7. 0-0 0-0 8. a4 b6 9. c3 d5 10. Na3 Bb7 11. Qe2 a6 12. Bd2 Na5 13. e5 Nb3 14. Ra2 Qd7 15. Nc2 Bc6 16. Na1 Nxd2 17. Qxd2 Bxa4 18. b3 Bc6 19. Nc2 Bb7 20. d4 Rfc8 21. b4 cxb4 22. cxb4 a5 23. bxa5 bxa5 24. Nfe1 Ba6 25. Rf3 Nc6 26. Nd3 Bf8 27. g4 Qa7 28. Nde1 Nxd4 29. Nxd4 Bb4 30. Qe3 Bxe1 31. f5 Bc3 32. Ra4 Bxd4 33. Rxd4 Rc4 0-1

[Event "Riga Tech op 8th"]
[Site "Riga"]
[Date "2018.08.11"]
[Round "8"]
[White "Lahav, Michal"]
[Black "Oboladze, Luka"]
[Result "1/2-1/2"]
[WhiteElo "2131"]
[BlackElo "2349"]
[PlyCount "108"]
[EventDate "2018.08.06"]
[EventType "swiss"]
[EventRounds "9"]
[EventCountry "LAT"]
[SourceTitle "CBM 185 Extra"]
[Source "ChessBase"]
[SourceDate "2018.07.29"]
[SourceVersion "1"]
[SourceVersionDate "2018.07.29"]
[SourceQuality "1"]

1. e4 c5 2. Nf3 e6 3. d4 cxd4 4. Nxd4 a6 5. Bd3 Bc5 6. Nb3 Ba7 7. Nc3 Ne7 8. Qe2 Nbc6 9. Be3 d6 10. 0-0-0 e5 11. f4 Bxe3+ 12. Qxe3 exf4 13. Qxf4 0-0 14. h4 Ng6 15. Qg3 Nge5 16. Be2 Be6 17. Rd2 Qc7 18. Rhd1 Rfd8 19. Nd4 Nxd4 20. Rxd4 Rac8 21. R1d2 Qe7 22. Kb1 Rc6 23. Kc1 Rdc8 24. Rd1 Bxa2 25. Nxa2 Rxc2+ 26. Kb1 Rxe2 27. Nc3 Rxc3 28. Qxc3 Nc6 29. Rxd6 h6 30. Qf3 Qxe4+ 31. Qxe4 Rxe4 32. g3 Rg4 33. R1d3 Kh7 34. Rd7 Ne5 35. R7d4 Rg6 36. Re3 f6 37. Rc3 b5 38. Rd8 Rg4 39. Ra8 b4 40. Re3 Nc4 41. Rd3 Ne5 42. Rb3 Nc4 43. Rd3 Re4 44. Ka2 a5 45. h5 Re5 46. g4 Nb6 47. Rb8 Nd5 48. Kb3 Ne7 49. Rdd8 g5 50. Rb7 Kg7 51. Re8 Kf7 52. Rh8 Kg7 53. Re8 Kf7 54. Rh8 Kg7 1/2-1/2

[Event "Riga Tech op 8th"]
[Site "Riga"]
[Date "2018.08.08"]
[Round "4"]
[White "Jazdanovs, Aleksandrs"]
[Black "Oboladze, Luka"]
[Result "1/2-1/2"]
[WhiteElo "2042"]
[BlackElo "2349"]
[PlyCount "59"]
[EventDate "2018.08.06"]
[EventType "swiss"]
[EventRounds "9"]
[EventCountry "LAT"]
[SourceTitle "CBM 185 Extra"]
[Source "ChessBase"]
[SourceDate "2018.07.29"]
[SourceVersion "1"]
[SourceVersionDate "2018.07.29"]
[SourceQuality "1"]

1. e4 c5 2. Nf3 e6 3. d4 cxd4 4. Nxd4 Nc6 5. Nc3 Qc7 6. g3 a6 7. Bg2 Nf6 8. 0-0 Be7 9. Nxc6 bxc6 10. Na4 d6 11. c4 0-0 12. f4 e5 13. Be3 Rb8 14. h3 exf4 15. Bxf4 Nd7 16. Qd4 Ne5 17. b3 Bf6 18. Qd2 Be6 19. Rad1 Rbd8 20. Nb2 Ng6 21. Bg5 Bxg5 22. Qxg5 f6 23. Qe3 Qa5 24. Nd3 Ne5 25. Rf2 Bf7 26. Rfd2 Rfe8 27. Nxe5 Qxe5 28. Qf4 Qxf4 29. gxf4 Bh5 30. Rc1 1/2-1/2

[Event "Riga Tech op 8th"]
[Site "Riga"]
[Date "2018.08.07"]
[Round "3"]
[White "Oboladze, Luka"]
[Black "Kulaots, Kaido"]
[Result "1/2-1/2"]
[WhiteElo "2349"]
[BlackElo "2554"]
[PlyCount "205"]
[EventDate "2018.08.06"]
[EventType "swiss"]
[EventRounds "9"]
[EventCountry "LAT"]
[SourceTitle "CBM 185 Extra"]
[Source "ChessBase"]
[SourceDate "2018.07.29"]
[SourceVersion "1"]
[SourceVersionDate "2018.07.29"]
[SourceQuality "1"]

1. d4 Nf6 2. Nf3 g6 3. c4 Bg7 4. Nc3 0-0 5. e4 d6 6. Be2 Bg4 7. 0-0 Nfd7 8. Be3 c5 9. d5 Nb6 10. Qb3 e5 11. h3 Bc8 12. Nd2 f5 13. exf5 gxf5 14. f4 N8d7 15. Qc2 exf4 16. Bxf4 Ne5 17. Bd3 Qf6 18. Rae1 Bd7 19. Rf2 Rae8 20. Ref1 Nxd3 21. Qxd3 Kh8 22. Nf3 Re4 23. Bg5 Rd4 24. Nxd4 Qxd4 25. Qg3 Nxc4 26. Kh1 b5 27. Rf4 Be5 28. Rxd4 Bxg3 29. Rd3 Be5 30. b3 Nb6 31. Ne2 b4 32. Rd2 Bb5 33. Rf2 Bxe2 34. Rfxe2 Kg7 35. Be3 Nd7 36. Rc2 f4 37. Bf2 Rf5 38. Rcd2 Nf6 39. Bh4 Nh5 40. Rd3 Ng3+ 41. Bxg3 fxg3 42. Rf3 Rxf3 43. gxf3 Kf6 44. Kg2 Kf5 45. Re4 h5 46. h4 a5 47. Re1 Kf6 48. Kh3 Kf5 49. Re2 Kf6 50. Re4 Kg6 51. Kg2 Kf5 52. Rc4 Bf4 53. Re4 Be5 54. Re2 Kf6 55. f4 Bxf4 56. Re6+ Kf5 57. Kf3 Be5 58. Rh6 Bf6 59. Kxg3 c4 60. bxc4 a4 61. Rxh5+ Ke4 62. c5 dxc5 63. d6 c4 64. Rc5 Kd4 65. Rf5 Bd8 66. Rf8 Bb6 67. Rb8 Kc5 68. d7 Bc7+ 69. Kf3 b3 70. axb3 cxb3 71. Ke3 Kc6 72. Rb4 Kc5 73. Rb8 Kc6 74. Kd3 Kxd7 75. Rb4 Ke6 76. Rxa4 Kf5 77. Kc3 Kg6 78. Rc4 Bd8 79. Kxb3 Kh5 80. Rc8 Bxh4 81. Rg8 Be7 82. Kc4 Kh4 83. Kd4 Kh3 84. Ke3 Kh2 85. Kf2 Bc5+ 86. Kf3 Kh1 87. Rh8+ Kg1 88. Rc8 Bd4 89. Rc4 Be5 90. Rg4+ Kh1 91. Re4 Bd6 92. Re1+ Kh2 93. Re6 Bc5 94. Rh6+ Kg1 95. Rh5 Bb6 96. Rh6 Bc5 97. Rc6 Bd4 98. Rc4 Be5 99. Re4 Bd6 100. Rh4 Bc7 101. Rh7 Bd6 102. Rh5 Bc7 103. Rc5 1/2-1/2